|
|
|
|
| LEADER |
01349nam a2200397 a 4500 |
| 001 |
nkc20122270349 |
| 003 |
CZ PrNK |
| 005 |
20120716142519.0 |
| 007 |
ta |
| 008 |
120113s2011 xr g 000 d cze |
| 015 |
|
|
|a cnb002270349
|
| 020 |
|
|
|a 978-80-87299-11-1
|q (brož.)
|
| 035 |
|
|
|a (OCoLC)806198694
|
| 040 |
|
|
|a OLA001
|b cze
|d ABA001
|d BOA001
|
| 041 |
1 |
|
|a cze
|h ita
|
| 072 |
|
7 |
|a 821.131.1-2
|x Italské drama
|2 Konspekt
|9 25
|
| 080 |
|
|
|a 821.131.1-2
|2 MRF
|
| 080 |
|
|
|a (0:82-2)
|2 MRF
|
| 100 |
1 |
|
|a Pirandello, Luigi,
|d 1867-1936
|7 jn20000604446
|4 aut
|
| 240 |
1 |
0 |
|a Giuoco delle parti.
|l Česky
|7 aun2012707317
|
| 245 |
1 |
0 |
|a Hra rolí :
|b ve třech jednáních /
|c Luigi Pirandello ; [překlad Tereza Sieglová]
|
| 250 |
|
|
|a Vyd. 1.
|
| 260 |
|
|
|a Praha :
|b Transteatral,
|c 2011
|
| 300 |
|
|
|a 121 s. ;
|c 17 cm
|
| 490 |
1 |
|
|a Evropská divadelní moderna ;
|v sv. 6
|
| 500 |
|
|
|a Přeloženo z italštiny
|
| 504 |
|
|
|a Obsahuje bibliografické odkazy
|
| 655 |
|
7 |
|a italská dramata
|7 fd183390
|2 czenas
|
| 655 |
|
9 |
|a Italian drama
|2 eczenas
|
| 700 |
1 |
|
|a Sieglová, Tereza,
|d 1979-
|7 mzk2009502379
|4 trl
|
| 830 |
|
0 |
|a Evropská divadelní moderna
|0 s
|
| 910 |
2 |
|
|a BOA001
|b 1-1289.086
|
| 990 |
|
|
|a BK
|
| 995 |
|
|
|a 01
|
| 991 |
|
|
|b 201207
|e b
|
| 996 |
6 |
|
|b 2610514999
|c 1-1289.086
|l MZK
|r Sklad / do 1 hodiny
|n 0
|p p.v.
|w 001260722
|u 000010
|a 1
|e BOA001
|j MZK50
|s P
|